| 000 | 00931nam a2200265Ia 4500 | ||
|---|---|---|---|
| 020 | _a0880857897 (grade 1 teacher's ed.) | ||
| 020 | _a0880857900 (grade 2 teacher's ed.) | ||
| 020 | _a0880857919 (grade 3 teacher's ed.) | ||
| 020 | _a0880857927 (grade 4 teacher's ed.) | ||
| 020 | _a0880857935 (grade 5 teacher's ed.) | ||
| 020 | _a0880857943 (grade 6 teacher's ed.) | ||
| 020 | _a0880857951 (grade 7 teacher's ed.) | ||
| 020 | _a088085796X (grade 8 teacher's ed.) | ||
| 040 | _cUIU | ||
| 082 | _a372 ZAN 1996 A014 Or. | ||
| 245 | 0 | 0 |
_aSpelling connections : _bwords into language / |
| 260 |
_aColumbus, Ohio : _bZaner-Bloser, _cc1996. |
||
| 300 |
_a8 v. : _bill. (some col.) ; _c27 cm. + _eteacher's editions + teacher materials resource binders. |
||
| 500 | _aFor grades 1-8. | ||
| 650 | 0 | _aEnglish language | |
| 650 | 0 | _aSpellers. | |
| 700 | 1 | _aGentry, J. Richard | |
| 710 | 2 | _aZaner-Bloser (Firm) | |
| 942 | _cEK | ||
| 999 |
_c13482 _d13482 |
||